Governance of public research : toward better practices.

Bibliographic Details
Corporate Author: Organisation for Economic Co-operation and Development
Format: Book
Language:English
Published: [Paris] : Organisation for Economic Co-operation and Development, [2003]
Subjects:

MARC

Tag First Indicator Second Indicator Subfields
LEADER 00000cam a2200000Ia 4500
001 in00001793621
005 20151025132445.0
008 031027s2003 fr a b 000 0 eng d
020 |a 9264103740 
035 |a (OCoLC)ocm53292678 
040 |a EUW  |c EUW  |d GZM  |d IXA  |d UtOrBLW 
049 |a TXAM 
090 |a Q180.55.M3  |b G68 2003 
245 0 0 |a Governance of public research :  |b toward better practices. 
246 1 |i French title on t.p. verso:  |a Gouvernance de la recherche publique. Vers de meilleures pratiques. 
264 1 |a [Paris] :  |b Organisation for Economic Co-operation and Development,  |c [2003] 
264 4 |c ©2003 
300 |a 160 pages :  |b illustrations ;  |c 23 cm. 
336 |a text  |b txt  |2 rdacontent 
337 |a unmediated  |b n  |2 rdamedia 
338 |a volume  |b nc  |2 rdacarrier 
500 |a Also published in French under title: Gouvernance de la recherche publique. Vers de meilleures pratiques. 
504 |a Includes bibliographical references. 
650 0 |a Research  |x Management. 
650 0 |a Science. 
650 0 |a Research  |x Finance. 
650 0 |a Research  |x Personnel management. 
710 2 |a Organisation for Economic Co-operation and Development. 
994 |a E0  |b TXA 
948 |a cataloged  |b h  |c 2003/12/1  |d c  |e blrosas  |f 2:32:16 pm 
999 |a MARS 
999 f f |s a0a59917-8656-3d3e-bacd-733ba282d84c  |i 417925a1-e630-3fd9-9a7b-1142469bee9f  |t 0 
952 f f |p ric  |a Texas A&M University  |b Rellis Campus  |c Joint Library Facility  |d Remote Storage  |t 0  |e Q180.55.M3 G68 2003  |h Library of Congress classification  |i unmediated -- volume  |m A14830771256 
998 f f |a Q180.55.M3 G68 2003  |t 0  |l Remote Storage